000 00930cam a22002533a 4500
001 2227
003 PGUSA
005 20140828083012.0
008 000601s2000||||xxu|||||s|||||000 1 eng d
040 _aPGUSA
_beng
042 _adc
050 4 _aPR
100 1 _aKipling, Rudyard,
_d1865-1936
245 1 0 _aSoldiers Three - Part 2
_h[electronic resource] /
_cRudyard Kipling
260 _bProject Gutenberg,
_c2000
505 0 _a"Love-o'women" -- The big drunk draf' -- The mutiny of the Mavericks -- The man who was -- Only a subaltern -- In the matter of a private -- The lost legion -- The drums of the fore and aft -- Judson and the Empire -- A conference of the powers.
506 _aPublic domain in the USA.
516 _aElectronic text
653 _aSoldiers -- Fiction
653 _aShort stories, English
830 0 _aProject Gutenberg
_v2227
856 4 0 _uhttp://www.gutenberg.org/ebooks/2227
942 _cEB
999 _c231564
_d231564